| 000 | 00507nam a2200157Ia 4500 | ||
|---|---|---|---|
| 999 |
_c2955 _d2955 |
||
| 020 | _a0471132888 | ||
| 050 | _aHD62.15.F63 FOC | ||
| 100 | _a Harvey K Brelin | ||
| 245 | 0 | 0 |
_aFocused Quality Managing for Results / _cBrelin, Harvey K ( et al ). |
| 260 |
_aUnited States of America : _bJohn Wiley & Sons, Inc., _c1995. |
||
| 300 | _a193 p. | ||
| 500 | _aIncludes index | ||
| 505 | _aPART 1. Managing the vital 2. Focused quality management 3. Leading the change | ||
| 650 | 0 | _aManagement. | |
| 942 | _cBK | ||